000 00903nam a2200301Ia 4500
001 5443
003 IT-RoPAU
008 130308s9999 xx 000 0 und d
040 _aIT-RoPAU
040 _cIT-RoPAU
041 _aFRANCESE
100 _aWatzlawick Paul
100 _gCodice Aut. SPICS: 524
245 _aStructures de la communication psychotique
245 _bNouvelle Communication (La)
250 _a1a ed.
260 _aPARIS
260 _bSeuil
260 _c1981 [1° Ed.:1981 - Ed.Ling.Originale:1981]
300 _a"17 p. (prefazione: no ; testo: 17 [pagine: 238-254])"
500 _aRicerche Sulla Famiglia strutture della Comunicazione Psicotica Tangenzializzazione e Squalificazione mistificazione Paradosso
650 _aSAGGI DI COMUNICAZIONE SOCIALE
650 _eCodice materia Spics: 3807
942 _cBK
957 _71
999 _c45509
_d45509
999 _bSI
999 _g1